000 03707nam a22003854a 4500
005 20101030112037.0
010 _aB-412954-959
020 _a97804198063568
_c325.00
035 _aB-412954-959
037 _bUppal Book Store
082 _a954.302
100 _aNilakanta Sastri, K.A.
_924060
245 _aThe illustrated history of South India:
_cby K.A. Nilakanta Sastri with an introduction by R. Champakalakshmi
_bfrom prehistoric times to the fall of Vijayanagar /
260 _aNew Delhi
_bOxford University Press
_c2009
270 _aYMCA Library Building, Jai Singh Road,
_bNew Delhi
_e110001
300 _axxxii, 357p.
_c24 cm(pbk)
_bill.
500 _aIncludes bibliographical references and index
942 _2ddc
_cEN
_mNIL
_h954.302
999 _c35737
_d35737